1-100 (Digit Values) Quiz Stats

 Plays Quiz Updated Dec 18, 2018

Support Sporcle.
Go Orange.
Score 0/100 Timer 03:00
0 Plays Today
Digit Value Number % Correct
11
99.9%
22
77.9%
110
76.3%
1100
72.9%
33
69.7%
211
68.6%
220
67.1%
44
66.8%
312
66.4%
321
65.3%
330
65%
55
64.9%
413
64.5%
422
64%
431
63.7%
440
63.7%
66
63.7%
514
63.1%
523
62.9%
532
62.7%
550
62.6%
541
62.6%
77
62.3%
615
62.1%
624
61.8%
633
61.7%
642
61.5%
660
61.3%
651
61.3%
88
60.9%
716
60.8%
725
60.5%
734
60.4%
743
60.2%
Digit Value Number % Correct
752
60.1%
770
59.9%
761
59.9%
817
59.4%
826
59.2%
99
59%
835
59%
844
58.7%
853
58.4%
862
58.3%
871
58.1%
880
58.1%
918
57.6%
927
57.3%
936
57%
945
56.8%
954
56.6%
963
56.3%
972
56.1%
981
56%
990
56%
1019
52.5%
1028
51.7%
1037
51.4%
1046
51.1%
1055
50.8%
1064
50.3%
1073
50.1%
1082
49.9%
1091
49.7%
1129
45%
1138
44.2%
1147
43.8%
1156
43.5%
Digit Value Number % Correct
1165
43.1%
1174
42.7%
1183
42.3%
1192
42.1%
1239
39.1%
1248
38.4%
1257
37.9%
1266
37.2%
1275
36.5%
1284
36.2%
1293
35.9%
1349
33.8%
1358
33.1%
1367
32.8%
1376
32.4%
1385
32.1%
1394
31.9%
1459
30.2%
1468
29.5%
1477
29%
1486
28.5%
1495
28.3%
1569
27%
1578
26.4%
1587
26.1%
1596
25.8%
1679
24.8%
1688
24.2%
1697
23.8%
1789
23.1%
1798
22.8%
1899
22.7%

You're not logged in!

Compare scores with friends on all Sporcle quizzes.
OR
Log In

From the Vault

Anything but the Americas

by pokemonr

Anything but America sounds like a high school band name.
Remove Ads.
Support Sporcle.
Get the best of Sporcle when you Go Orange. This ad-free experience offers more features, more stats, and more fun while also helping to support Sporcle. Thank you for becoming a member.

Show Comments

Extras

Top Quizzes Today


Score Distribution

Your Account Isn't Verified!

In order to create a playlist on Sporcle, you need to verify the email address you used during registration. Go to your Sporcle Settings to finish the process.

Report this User

Report this user for behavior that violates our Community Guidelines.

Details: